书目信息 |
| 题名: |
自动驾驶汽车定位技术
|
|
| 作者: | 李晓欢 编著 | |
| 分册: | ||
| 出版信息: | 北京 清华大学出版社 2020.11 |
|
| 页数: | 149页 | |
| 开本: | 26cm | |
| 丛书名: | 自动驾驶技术系列丛书 | |
| 单 册: | ||
| 中图分类: | U463.8 | |
| 科图分类: | ||
| 主题词: | 汽车驾驶--自动驾驶系统--车辆定位系统 | |
| 电子资源: | ||
| ISBN: | 978-7-302-53777-9 | |
| 000 | 01075nam0 2200277 45 | |
| 001 | 012001000636 | |
| 005 | 20130911163351.0 | |
| 010 | @a978-7-302-53777-9@dCNY59.80 | |
| 100 | @a20191129d2019 em y0chiy50 ea | |
| 101 | 0 | @achi |
| 102 | @aCN@b110000 | |
| 105 | @aa z 000yy | |
| 106 | @ar | |
| 200 | 1 | @a自动驾驶汽车定位技术@Azi dong jia shi qi che ding wei ji shu@b专著@f李晓欢[等]编著 |
| 210 | @a北京@c清华大学出版社@d2020.11 | |
| 215 | @a149页@c彩图@d26cm | |
| 225 | 1 | @a自动驾驶技术系列丛书@f王云鹏,李震宇主编 |
| 300 | @a“十三五”国家重点图书出版规划项目 | |
| 304 | @a编著者还有:杨晴虹、宋适宇、马常杰 | |
| 330 | @a本书系统地介绍了自动驾驶汽车定位技术,从自动驾驶汽车定位的需求入手,讲述了实现自动驾驶汽车定位的高精度地图、融合定位及辅助定位三大关键环节的基本原理及前沿技术,并通过实践验证。 | |
| 461 | 0 | @12001 @a自动驾驶技术系列丛书@1701 0@a王云鹏,李震宇主编 |
| 606 | 0 | @a汽车驾驶@x自动驾驶系统@x车辆定位系统 |
| 690 | @aU463.8@v5 | |
| 701 | 0 | @a李晓欢@Ali xiao huan@4编著 |
| 801 | 0 | @aCN@bBJSDL@c20211011 |
| 905 | @b1335596-9@dU463.8@e1052@f4 | |
| 自动驾驶汽车定位技术/李晓欢[等]编著.-北京:清华大学出版社,2020.11 |
| 149页:彩图;26cm.-(自动驾驶技术系列丛书/王云鹏,李震宇主编) |
| “十三五”国家重点图书出版规划项目 |
| ISBN 978-7-302-53777-9:CNY59.80 |
| 本书系统地介绍了自动驾驶汽车定位技术,从自动驾驶汽车定位的需求入手,讲述了实现自动驾驶汽车定位的高精度地图、融合定位及辅助定位三大关键环节的基本原理及前沿技术,并通过实践验证。 |
| ● |
| 相关链接 |
|
|
|
|
正题名:自动驾驶汽车定位技术
索取号:U463.8/1052
 
预约/预借
| 序号 | 登录号 | 条形码 | 馆藏地/架位号 | 状态 | 备注 |
| 1 | 1335596 | 213355965 | 第二样本阅览室/ [索取号:U463.8/1052] | 在馆 | |
| 2 | 1335597 | 213355974 | 第三借阅区/ [索取号:U463.8/1052] | 在馆 | |
| 3 | 1335598 | 213355983 | 第三借阅区/ [索取号:U463.8/1052] | 在馆 | |
| 4 | 1335599 | 213355992 | 第三借阅区/ [索取号:U463.8/1052] | 在馆 |